| 000 | 00579cam a2200193 4500 | ||
|---|---|---|---|
| 001 | ##L134544 | ||
| 008 | 060815n 000 0 eng u | ||
| 035 | _a(Sirsi) u134544 | ||
| 041 | 0 | _aeng | |
| 050 | 0 | 4 | _a333.332 $2 18 |
| 110 | 2 |
_aCommonwealth Institute of Valuers _9409 |
|
| 245 | 0 | 0 | _aLaw affecting land valuation |
| 260 |
_aSydney _bCommonwealth Institute of Valuers _c[1946] |
||
| 300 |
_a55p. _c22cm. |
||
| 490 | 0 | _aCommonwealth Institute of Valuers text books series | |
| 690 | _aPROPERTY-PROPERTY VALUATION AND APPRAISAL | ||
| 700 | 1 | _aCollins, C. M. | |
| 942 | _n0 | ||
| 999 |
_c105722 _d105722 |
||